| 000 | 00918cab a2200241 4500 | ||
|---|---|---|---|
| 001 | X90566 | ||
| 008 | 090401t1998 xxu||||| |||| 00| 0 eng d | ||
| 035 | _a(Sirsi) u90566 | ||
| 041 | _aeng | ||
| 100 | _aHon Mr. Justice Keene, | ||
| 245 | _aRecent trends in judicial control | ||
| 260 | _c1998 | ||
| 350 | _a0 | ||
| 490 |
_aJournal of Planning and Environment Law Occasional Paper _v26 1998, 30-37(8) |
||
| 520 | _aA defence of judges who have been accused of intervening in planning cases to a greater extent than they would in other areas of judicial review. Reviews questions of planning policy that come before the courts, referring to individual case studies including recent judicial decisions. | ||
| 650 | _aINTERVENTION | ||
| 650 | _aJUDICIAL REVIEW | ||
| 650 | _aPLANNING PERMISSION | ||
| 650 | _aPLANNING POLICY | ||
| 690 | _aPLANNING LAW AND PRACTICE | ||
| 942 | _n0 | ||
| 948 | _c07/01/1999 | ||
| 999 |
_c57429 _d57429 |
||